[Event "Riazan Region-ch FL"]
[Site "Riazan"]
[Date "2011.01.02"]
[Round "?"]
[White "Poltikhin, Andrey Vasilyevich"]
[Black "Madorsky, Felix"]
[Result "1/2-1/2"]
[WhiteElo "2034"]
[BlackElo "2106"]
[PlyCount "48"]
[EventDate "2011.01.02"]
[EventType "swiss"]
[EventRounds "9"]
[EventCountry "RUS"]
[SourceTitle "EXT 2022"]
[Source "ChessBase"]
[SourceDate "2021.10.06"]
[SourceVersion "1"]
[SourceVersionDate "2021.10.06"]
[SourceQuality "1"]

1. e4 d5 2. exd5 Qxd5 3. Nc3 Qd6 4. Nf3 Nf6 5. Be2 a6 6. 0-0 Bg4 7. b3 Nc6 8. Bb2 e6 9. d3 Be7 10. Ne4 Nxe4 11. dxe4 Qb4 12. Ne5 Bxe2 13. Qxe2 Nxe5 14. Bxe5 Bf6 15. Bxf6 gxf6 16. Rad1 Ke7 17. e5 f5 18. Qe3 Rhg8 19. Rd4 Qb5 20. Rfd1 Qc6 21. Qh3 Rg4 22. Rxg4 fxg4 23. Qxg4 Qxc2 24. Qg5+ Kf8 1/2-1/2

[Event "Riazan Region-ch"]
[Site "Riazan"]
[Date "2010.10.??"]
[Round "10"]
[White "Madorsky, Felix"]
[Black "Khromov, Pavel"]
[Result "1-0"]
[WhiteElo "2105"]
[BlackElo "2020"]
[PlyCount "105"]
[EventDate "2010.10.16"]
[EventType "tourn"]
[EventRounds "13"]
[EventCountry "RUS"]
[SourceTitle "EXT 2013"]
[Source "ChessBase"]
[SourceDate "2012.11.22"]
[SourceVersion "1"]
[SourceVersionDate "2012.11.22"]
[SourceQuality "1"]

1. d4 Nf6 2. c4 e6 3. Nc3 Bb4 4. Qc2 0-0 5. a3 Bxc3+ 6. Qxc3 b6 7. f3 Nh5 8. Nh3 f5 9. e3 Bb7 10. Bd2 d6 11. 0-0-0 Nd7 12. Nf4 Qe8 13. Kb1 Nhf6 14. Bc1 c6 15. Be2 e5 16. dxe5 dxe5 17. Nh3 Qe7 18. Nf2 e4 19. f4 Nc5 20. h3 Rad8 21. g4 Qe6 22. g5 Nfd7 23. h4 a6 24. b3 Rfe8 25. Bb2 Qe7 26. h5 Nf8 27. h6 Nce6 28. hxg7 Qxg7 29. Qc2 Qc7 30. Be5 Rxd1+ 31. Rxd1 Qe7 32. Qb2 Rd8 33. Rh1 Rd7 34. Rh6 Ng7 35. Nh1 Qd8 36. Kc1 Ng6 37. Bxg7 Rxg7 38. Ng3 Bc8 39. Nh5 Rf7 40. Nf6+ Rxf6 41. gxf6 Be6 42. Qc3 Bf7 43. Rh1 Qd6 44. Kb2 b5 45. c5 Qe6 46. Rd1 Nf8 47. Rd6 Qe8 48. b4 Bd5 49. Bd1 Qg6 50. Qe5 Qg2+ 51. Bc2 Bf7 52. Rd8 Qh3 53. Rxf8+ 1-0

[Event "Riazan Region-ch"]
[Site "Riazan"]
[Date "2010.10.??"]
[Round "1"]
[White "Madorsky, Felix"]
[Black "Lepeshkin, Nikita"]
[Result "1-0"]
[WhiteElo "2105"]
[BlackElo "1788"]
[PlyCount "87"]
[EventDate "2010.10.16"]
[EventType "tourn"]
[EventRounds "13"]
[EventCountry "RUS"]
[SourceTitle "EXT 2013"]
[Source "ChessBase"]
[SourceDate "2012.11.22"]
[SourceVersion "1"]
[SourceVersionDate "2012.11.22"]
[SourceQuality "1"]

1. d4 Nf6 2. c4 g6 3. Nc3 Bg7 4. e4 d6 5. f3 0-0 6. Be3 Nc6 7. Nge2 e5 8. d5 Ne7 9. Qd2 Re8 10. g4 Nd7 11. Ng3 a5 12. Bd3 Nc5 13. Bc2 Bd7 14. h4 a4 15. h5 f6 16. hxg6 hxg6 17. Bh6 Bh8 18. Qh2 Kf7 19. 0-0-0 Rg8 20. g5 fxg5 21. Bxg5 Bg7 22. f4 exf4 23. Nge2 Be5 24. Bxf4 Rh8 25. Qg3 Bg7 26. Qf2 Kg8 27. Rxh8+ Bxh8 28. Bg5 Qf8 29. Qh4 Re8 30. Rg1 Qf7 31. Nf4 Be5 32. Nce2 Rf8 33. Kb1 Bf6 34. Bxf6 Qxf6 35. Qh5 Kf7 36. Nxg6 Nxg6 37. e5 dxe5 38. Rxg6 Qf1+ 39. Nc1 Ke7 40. Qg5+ Ke8 41. Qxe5+ Kd8 42. d6 cxd6 43. Qxd6 Na6 44. Rg7 1-0

[Event "Riazan Region-ch"]
[Site "Riazan"]
[Date "2010.10.??"]
[Round "6"]
[White "Madorsky, Felix"]
[Black "Popov, Vladislav"]
[Result "0-1"]
[WhiteElo "2105"]
[BlackElo "2149"]
[PlyCount "86"]
[EventDate "2010.10.16"]
[EventType "tourn"]
[EventRounds "13"]
[EventCountry "RUS"]
[SourceTitle "EXT 2013"]
[Source "ChessBase"]
[SourceDate "2012.11.22"]
[SourceVersion "1"]
[SourceVersionDate "2012.11.22"]
[SourceQuality "1"]

1. d4 d5 2. c4 e6 3. Nc3 c5 4. Nf3 Nf6 5. Bg5 cxd4 6. Nxd4 e5 7. Ndb5 d4 8. Bxf6 gxf6 9. Nd5 Na6 10. Qa4 Bd7 11. b4 Rc8 12. e3 Nxb4 13. Nxb4 a6 14. exd4 axb5 15. cxb5 exd4 16. Nd5 Bc5 17. Bd3 Be6 18. Nf4 Qd6 19. g3 Bb4+ 20. Kf1 h5 21. h4 Bg4 22. Kg2 Bd2 23. Ne2 Qd5+ 24. Kg1 0-0 25. Rd1 Bh6 26. Rh2 Bf3 27. Rb1 Rfd8 28. Qb3 Qe5 29. Kf1 f5 30. Qb2 Rc3 31. Nxc3 dxc3 32. Qc2 Rxd3 33. Qxd3 Qe4 34. Qd8+ Kh7 35. Re1 Qxe1+ 36. Kxe1 c2 37. Qc7 c1Q+ 38. Qxc1 Bxc1 39. a4 b6 40. Rh3 Kg6 41. Rh2 Kf6 42. Rh3 Ke6 43. g4 fxg4 0-1

[Event "Riazan Region-ch 1League"]
[Site "Riazan"]
[Date "2010.01.??"]
[Round "?"]
[White "Vasiliev, Vladimir V Jr"]
[Black "Madorsky, Felix"]
[Result "1-0"]
[WhiteElo "2217"]
[BlackElo "2112"]
[PlyCount "97"]
[EventDate "2010.01.??"]
[EventType "swiss"]
[EventRounds "9"]
[EventCountry "RUS"]
[SourceTitle "EXT 2012"]
[Source "ChessBase"]
[SourceDate "2011.11.24"]
[SourceVersion "1"]
[SourceVersionDate "2011.11.24"]
[SourceQuality "1"]

1. d4 Nf6 2. Nf3 g6 3. Bf4 Bg7 4. e3 d6 5. Be2 0-0 6. 0-0 c6 7. h3 Nbd7 8. c3 Nd5 9. Bh2 e5 10. c4 Nc7 11. Nc3 Qe7 12. Qc2 f5 13. b4 b6 14. a4 a5 15. bxa5 bxa5 16. Rab1 Na6 17. Na2 c5 18. dxe5 dxe5 19. Nc3 Nb4 20. Qb3 Ba6 21. Nb5 e4 22. Bd6 Qd8 23. Bxf8 exf3 24. Bxf3 Qxf8 25. Bxa8 Qxa8 26. Rfd1 Qd8 27. Rd2 Qe7 28. Nc7 Bb7 29. Nd5 Qe8 30. Nxb4 axb4 31. Rbd1 Nf8 32. a5 Qa8 33. Rd8 Qxa5 34. Rb8 Qc7 35. Rdd8 Ba6 36. Qd3 Qf7 37. Qd6 Bxc4 38. Qxc5 b3 39. Qb4 Be6 40. Rb7 Qf6 41. Re8 b2 42. Rb6 Qf7 43. Rbxe6 f4 44. R6e7 Qf6 45. e4 Qd4 46. Qb3+ Kh8 47. Rb7 Qf6 48. Rbb8 h5 49. e5 1-0

[Event "Riazan Region-ch 1League"]
[Site "Riazan"]
[Date "2009.05.??"]
[Round "?"]
[White "Madorsky, Felix"]
[Black "Kuziurova, Elena"]
[Result "1-0"]
[WhiteElo "2100"]
[BlackElo "1926"]
[PlyCount "59"]
[EventDate "2009.05.??"]
[EventType "swiss"]
[EventRounds "11"]
[EventCountry "RUS"]
[SourceTitle "EXT 2012"]
[Source "ChessBase"]
[SourceDate "2011.11.24"]
[SourceVersion "1"]
[SourceVersionDate "2011.11.24"]
[SourceQuality "1"]

1. d4 e6 2. c4 b6 3. a3 Bb7 4. Nc3 Nf6 5. d5 exd5 6. cxd5 d6 7. e4 Nbd7 8. Bd3 Be7 9. Nge2 0-0 10. 0-0 Nc5 11. Bc2 a5 12. b3 Ba6 13. Re1 Nfd7 14. f4 Bf6 15. Bb2 Re8 16. Nd4 Bxd4+ 17. Qxd4 Qf6 18. Qd2 Nf8 19. b4 axb4 20. axb4 Ncd7 21. Ba4 Bb7 22. Nb5 Qd8 23. Qc3 f6 24. Qxc7 Ba6 25. Qxd6 Bxb5 26. Bxb5 Rxa1 27. Bxa1 Qb8 28. Qxb8 Rxb8 29. e5 fxe5 30. fxe5 1-0

[Event "Riazan Region-ch 1League"]
[Site "Riazan"]
[Date "2009.05.??"]
[Round "?"]
[White "Madorsky, Felix"]
[Black "Ushakov, Gennadiy"]
[Result "0-1"]
[WhiteElo "2100"]
[BlackElo "2216"]
[PlyCount "114"]
[EventDate "2009.05.??"]
[EventType "swiss"]
[EventRounds "11"]
[EventCountry "RUS"]
[SourceTitle "EXT 2012"]
[Source "ChessBase"]
[SourceDate "2011.11.24"]
[SourceVersion "1"]
[SourceVersionDate "2011.11.24"]
[SourceQuality "1"]

1. d4 g6 2. e4 c6 3. c4 Bg7 4. Nc3 d6 5. Be3 Qc7 6. Qd2 Nd7 7. Nge2 a6 8. f3 b5 9. Nc1 b4 10. Nd1 c5 11. Be2 a5 12. 0-0 cxd4 13. Bxd4 Ngf6 14. Nf2 0-0 15. Rd1 Nc5 16. Bf1 Rb8 17. b3 a4 18. Qb2 a3 19. Qd2 Ne6 20. Ne2 Nxd4 21. Nxd4 Nd7 22. Ng4 Nc5 23. Ne3 Ne6 24. Nec2 Qc5 25. Kh1 Bd7 26. Rab1 Rfd8 27. g3 h5 28. h4 Kh7 29. Kh2 Bh6 30. Qe1 Ng7 31. Bh3 e6 32. Ne3 f5 33. exf5 gxf5 34. f4 Ne8 35. Rd3 Nf6 36. Bg2 Qc7 37. Nb5 Bxb5 38. cxb5 Rxb5 39. Rc1 Rc5 40. Rxc5 dxc5 41. Qd1 Rxd3 42. Qxd3 Qd7 43. Qxd7+ Nxd7 44. Nc4 Bg7 45. Bc6 Nf6 46. Ne5 Ne4 47. Bxe4 fxe4 48. Nc4 e3 49. Kg2 Bd4 50. Kf3 Kg6 51. Ke2 Kf5 52. Kf3 e2 53. Kxe2 Kg4 54. Kd3 Kxg3 55. Ke4 Kxh4 56. f5 exf5+ 57. Kxf5 Kg3 0-1

[Event "Riazan-ch"]
[Site "Riazan"]
[Date "2009.03.??"]
[Round "?"]
[White "Madorsky, Felix"]
[Black "Lukjanovas, Vladas"]
[Result "0-1"]
[WhiteElo "2096"]
[BlackElo "2169"]
[PlyCount "58"]
[EventDate "2009.03.??"]
[EventType "swiss"]
[EventRounds "13"]
[EventCountry "RUS"]
[SourceTitle "EXT 2010"]
[Source "ChessBase"]
[SourceDate "2010.11.25"]
[SourceVersion "1"]
[SourceVersionDate "2010.11.25"]
[SourceQuality "1"]

1. d4 d5 2. c4 e6 3. Nc3 Nf6 4. Bg5 Nbd7 5. e3 c6 6. Bd3 Qa5 7. Bh4 Be7 8. Qc2 dxc4 9. Bxc4 b5 10. Bb3 Bb7 11. f3 c5 12. dxc5 Nxc5 13. Nge2 0-0 14. 0-0 Rac8 15. Nd4 b4 16. Nce2 Ba6 17. Rfd1 Qb6 18. Rd2 Nce4 19. Qd1 Nxd2 20. Qxd2 Rfd8 21. Qe1 g6 22. Bf2 e5 23. Nc2 Bc4 24. Bxc4 Rxc4 25. Rc1 Rdc8 26. Na1 Rxc1 27. Nxc1 Qb5 28. Qd2 Qc4 29. Ncb3 a5 0-1

[Event "Riazan Region-ch"]
[Site "Riazan"]
[Date "2007.??.??"]
[Round "7"]
[White "Madorsky, Felix"]
[Black "Khromov, Pavel"]
[Result "1-0"]
[WhiteElo "2065"]
[BlackElo "2005"]
[PlyCount "63"]
[EventDate "2007.04.??"]
[EventType "swiss"]
[EventRounds "9"]
[EventCountry "RUS"]
[SourceTitle "EXT 2010"]
[Source "ChessBase"]
[SourceDate "2010.11.25"]
[SourceVersion "1"]
[SourceVersionDate "2010.11.25"]
[SourceQuality "1"]

1. d4 Nf6 2. c4 e6 3. Nc3 Bb4 4. Qc2 0-0 5. Nf3 b6 6. e4 Bb7 7. Bd3 h6 8. 0-0 Bxc3 9. bxc3 d6 10. Bd2 Nc6 11. Rae1 e5 12. Bc1 Qe7 13. Nh4 Na5 14. Nf5 Qe6 15. d5 Qe8 16. f4 Nd7 17. Qe2 Kh7 18. Nxg7 Kxg7 19. Qg4+ Kh7 20. Qf5+ Kg7 21. Rf3 Rh8 22. fxe5 dxe5 23. Ref1 Kf8 24. Ba3+ Nc5 25. Qg6 Ke7 26. Bxc5+ bxc5 27. Rxf7+ Kd8 28. d6 c6 29. Qf6+ Kc8 30. d7+ Qxd7 31. Rxd7 Kxd7 32. Qg7+ 1-0